000 00434nam a2200157 i 4500
001 69610
003 ES-MaACL
005 20230906170547.0
007 t|
008 040708s1972 sp ||||1| spa d
100 1 _aGarcía Fernández, Angel.
_954592
245 1 3 _aLa juventud de nueva frontera /
_cA. García Fernández.
260 _aAlcoy :
_bMarfil,
_c1972.
300 _a134 p. ;
_c18 cm.
852 _aES-MaACL
_jC-53205
_bR.84849
999 _c69610
_d69610